书目信息 |
| 题名: |
盲人按摩师综合素质培养
|
|
| 作者: | 成为品 主编 | |
| 分册: | ||
| 出版信息: | 北京 中国盲文出版社 2012.08 |
|
| 页数: | 233页 | |
| 开本: | 26cm | |
| 丛书名: | 盲人按摩师职业技能提高丛书 | |
| 单 册: | ||
| 中图分类: | R192 | |
| 科图分类: | ||
| 主题词: | 按摩师--素质教育--盲人教育 , 按摩师 , 素质教育 , 盲人教育 | |
| 电子资源: | ||
| ISBN: | 978-7-5002-3888-1 | |
| 000 | 00972oam2 2200301 450 | |
| 001 | 0102100415 | |
| 005 | 20210402100820.0 | |
| 010 | @a978-7-5002-3888-1@dCNY16.00 | |
| 100 | @a20121212d2012 em y0chiy50 ea | |
| 101 | 0 | @achi |
| 102 | @aCN@b110000 | |
| 105 | @ay z 000yy | |
| 106 | @ar | |
| 200 | 1 | @a盲人按摩师综合素质培养@Amang ren an mo shi zong he su zhi pei yang@f成为品主编 |
| 210 | @a北京@c中国盲文出版社@d2012.08 | |
| 215 | @a233页@d26cm | |
| 225 | 2 | @a盲人按摩师职业技能提高丛书@f李志军主编 |
| 300 | @a国家出版基金项目 | |
| 330 | @a本书重点阐述了按摩师的职业道德、按摩师的礼仪礼节、按摩师的文化艺术修养、有关按摩师的法律法规、按摩师的人际交往等内容。 | |
| 461 | 0 | @12001 @a盲人按摩师职业技能提高丛书 |
| 606 | 0 | @a按摩师@x素质教育@x盲人教育 |
| 606 | 0 | @a按摩师 |
| 606 | 0 | @a素质教育 |
| 606 | 0 | @a盲人教育 |
| 690 | @aR192@v5 | |
| 701 | 0 | @a成为品@Acheng wei pin@4主编 |
| 801 | 0 | @aCN@bBJSZM@c20210402 |
| 905 | @b1275181-4@dR192@e286@f4 | |
| 盲人按摩师综合素质培养/成为品主编.-北京:中国盲文出版社,2012.08 |
| 233页;26cm.-(盲人按摩师职业技能提高丛书/李志军主编) |
| 国家出版基金项目 |
| ISBN 978-7-5002-3888-1:CNY16.00 |
| 本书重点阐述了按摩师的职业道德、按摩师的礼仪礼节、按摩师的文化艺术修养、有关按摩师的法律法规、按摩师的人际交往等内容。 |
| ● |
| 相关链接 |
|
|
|
|
正题名:盲人按摩师综合素质培养
索取号:R192/286
 
预约/预借
| 序号 | 登录号 | 条形码 | 馆藏地/架位号 | 状态 | 备注 |
| 1 | 1275181 | 212751814 | 第二样本阅览室/ [索取号:R192/286] | 在馆 | |
| 2 | 1275182 | 212751823 | 教育系资料室/ [索取号:R192/286] | 在馆 | |
| 3 | 1275183 | 212751832 | 教育系资料室/ [索取号:R192/286] | 在馆 | |
| 4 | 1275184 | 212751841 | 第三借阅区/ [索取号:R192/286] | 在馆 |